Chanteurs par titres de muisque francaise - 1980 - Statistiques

Statistiques générales
  • Ce quiz a été pris 342 fois
  • Le résultat moyen est 10 sur 15
Statistiques - réponses
Tritres Chnateurs % Correct
"Quand la musique est bonne" Jean-Jacques Goldman
92%
"Mistral gagnant" Renaud
89%
"L'aventurier" Indochine
88%
"Je l'aime à mourir" Francis Cabrel
82%
"Mon fils, ma bataille" Daniel Balavoine
79%
"Elle a les yeux revolver" Marc Lavoine
79%
"La groupie du pianiste" Michel Berger
70%
"Je te promets" Johnny Hallyday
69%
"Un autre monde" Telephone
67%
"Foule sentimentale" Alain Souchon
63%
"Couleur menthe à l'eau" Eddy Mitchell
57%
"Pour un flirt" Michel Delpech
51%
"Les démons de minuit" Images
46%
"Osez Joséphine" Alain Bashung
37%
"L'aventurier" Mylène Farmer
3%
Aucun quiz correspondant
Distribution des résultats
% des personnes avec chaque résultat
Percentile par nombre de réponses
Votre historique - résultats
Vous n’avez pas pris ce quiz